Animaux carnivores #2 - Statistiques

Statistiques générales
  • Ce quiz a été pris 186 fois
  • Le résultat moyen est 8 sur 10
Statistiques - réponses
Par images Réponse % Correct
loup
99%
lynx
98%
guépard
95%
panthère
95%
raton laveur
94%
hyène
90%
puma
89%
ocelot
47%
dingo
45%
fossa
12%
Aucun quiz correspondant
Distribution des résultats
% des personnes avec chaque résultat
Percentile par nombre de réponses
Votre historique - résultats
Vous n’avez pas pris ce quiz